000 00327nam a22001337a 4500
008 250401b |||||||| |||| 00| 0 eng d
020 _a9789355705617
040 _a02
100 _aRAJU,A AND KRISHNAN,KORTHICKEYAN
245 _aCLINICAL PHARMACOKINETICS
260 _aNEW DELHI
_bAKINIK
_c2023
300 _a161
942 _c01
999 _c65417
_d65417